000 00617nam a2200205 a 4500
999 _c3002
_d3002
003 OSt
005 20210729061625.0
008 210729b ||||| |||| 00| 0 eng d
020 _a9780176637972
040 _cALUPE UNIVERSITY
050 _aJA 66
_b.I57 2012
245 0 0 _aIntroduction to political science
260 _aCanada :
_bNelson Education Ltd,
_c2012.
300 _a431p. :
_bill. ;
_c28 cm.
504 _aIncludes bibliographical references.
650 0 _aPolitical science
_vOutlines, syllabi, etc.
650 0 _aPolitical science
_xStudy and teaching (Higher)
930 1 _hJA86
942 _2lcc
_cBK
_nSO